000 00439nab a2200145 4500
003 ES-SlBCS
005 20210327224343.0
008 140127s2013 sp ||||| |||| 00| 0 spa d
040 _aES-SlBCS
_bspa
100 1 _aHernando Calvo, Alfredo
_9123930
245 1 0 _aEscuela 21
_cAlfredo Hernando Calvo
650 0 4 _aInnovación Educativa
_9123931
773 0 _gNº 247-248, 2013, págs. 10-175
_tEducadores
_wRev370
_x0013-1113
942 _2lcc
_cAR
999 _c497320
_d497320